000 00789nam a2200217Ia 4500
999 _c39658
_d39658
001 6259
003 GE_BSU
005 20190930125246.0
008 181216s1978||||ge |||||||||||||| ||geo||
040 _cGE_BSU
041 _ageo
080 _a821.353.1-11 ბ-16
100 _aბაზაძე, ირაკლი
_94386
245 _aმარადისობა :
_bპოემა /
_cირაკლი ბაზაძე ; რედ. გრიგოლ ჯულუხიძე.
264 _aთბილისი :
_bმერანი ;
_c1978.
300 _a48გვ. ;
_c17 სმ.
653 _aმარადისობა
653 _aპოემა
700 _aჯულუხიძე, გრიგოლ
_eრედაქტორი
_94387
942 _cBK
_2udc